000 00965nam a2200289Ia 4500
005 20210727153001.0
008 121119s1995 mx a gr 000 j spa
020 _a968164445X
041 0 _aspa
100 1 _aLópez Narváez, Concha
245 1 4 _aLas cabritas de Martín
_cConcha López Narváez ; ilustraciones de Carmen Cardemil
250 _aPrimera edición
264 1 _aMéxico
_bFondo de Cultura Económica
_c1995
300 _a30 páginas
_bilustraciones
_c30 cm.
336 _atexto
_btxt
_2rdacontent
337 _asin mediación
_bn
_2rdamedia
338 _avolumen
_bnc
_2rdacarrier
490 0 _aLos especiales de a la orilla del viento
650 1 4 _2LEMB
_aLiteratura infantil española
650 1 4 _2LEMB
_aCuentos infantiles españoles
650 1 4 _2LEMB
_aMuerte
_vCuentos
650 1 4 _2LEMB
_aAbuelos
_vCuentos
700 1 _aCardemil, Carmen
_eilustrador
942 _2loc
_cBKLIT
040 _aCO-BoRNBP
_bspa
_erda
_cCO-BoRNBP
084 _aC LOP2
999 _c356
_d356